=LDR 00000nam 2200000 4500 =001 INLIS000000000041163 =005 20130612150718 =008 ***********************************Ind** =035 ##$$0010-061300000041163 =041 ##$$a Ind =082 ##$$a 813 =090 ##$$a 813, Liz s =100 ##$$a Liza, Sujatrini =245 ##$$a Jealous, Susatrini Liza ; penyunting, Dhewiberri =260 ##$$a 2011 $b Yogyakarta =300 ##$$a 277 hlm, 20 cm =650 ##$$a Fiksi =850 ##$$a NBPNMAT